000 02664nam0a2200421 4500
001 RU\NLR\BIBL_A\011740305
005 20180711115710.0
010 _a978-5-4465-1273-7
021 _aRU
_bКН-П-18-037615
_9КН-П-18-2715
035 _a(NLR Aleph) 011740305
035 _a(RuMoRGB)009642676
090 _a11574780
_c11574780
100 _a20180629d2017 k y0rusy50 ca
101 0 _arus
_aeng
102 _aRU
105 _aa z 101zy
200 1 _aXIV Российская ежегодная конференция молодых научных сотрудников и аспирантов "Физико-химия и технология неорганических материалов" (с международным участием), 17-20 октября 2017 г., [Москва]
_eсборник трудов конференции
210 _aМосква
_cИМЕТ РАН
_d2017
215 _a485 с.
_cил., табл.
_d21
300 _aЗагл. обл.: Физико-химия и технология неорганических материалов
300 _aТекст рус., англ.
313 _aПо X конф. 2013 г.
320 _aБиблиогр. в конце ст.
320 _aАлф. указ.: с. 482-485
512 1 _aФизико-химия и технология неорганических материалов
517 1 _aЧетырнадцатая Российская ежегодная конференция молодых научных сотрудников и аспирантов "Физико-химия и технология неорганических материалов" (с международным участием)
606 1 _aНеорганические материалы
_jСъезды, совещания и т.п
_xПроизводство
_91709137
_3RU\NLR\AUTH\66761593
606 1 _aНеорганические материалы
_jСъезды, совещания и т.п
_xФизико-химические свойства
_92174289
_3RU\NLR\AUTH\661307751
686 _aЖ3я431(2)
_2rubbk
686 _aК39я431(2)
_2rubbk
686 1 _aЛ20я431(2)
710 1 2 _a"Физико-химия и технология неорганических материалов", российская конференция молодых научных сотрудников и аспирантов (с международным участием)
_d14
_eМосква
_f2017
_9613609
_3RU\NLR\AUTH\880476165
942 _cBOOK
980 _aNBR
980 _aNB